Diversion of protected areas: role of the wildlife board (Record no. 86960)

000 -LEADER
fixed length control field 00464pab a2200181 454500
008 - FIXED-LENGTH DATA ELEMENTS--GENERAL INFORMATION
fixed length control field 180718b2010 xxu||||| |||| 00| 0 eng d
100 ## - MAIN ENTRY--PERSONAL NAME
Personal name Menon, Manju
245 ## - TITLE STATEMENT
Title Diversion of protected areas: role of the wildlife board
260 ## - PUBLICATION, DISTRIBUTION, ETC.
Date of publication, distribution, etc. 2010
300 ## - PHYSICAL DESCRIPTION
Extent p.18-21.
362 ## - DATES OF PUBLICATION AND/OR SEQUENTIAL DESIGNATION
Dates of publication and/or sequential designation 26 Jun
650 ## - SUBJECT ADDED ENTRY--TOPICAL TERM
Topical term or geographic name entry element Wildlife conservation
700 ## - ADDED ENTRY--PERSONAL NAME
Personal name Samdriya, vikal
700 ## - ADDED ENTRY--PERSONAL NAME
Personal name Kohli, Kanchi
773 ## - HOST ITEM ENTRY
Main entry heading Economic and Political Weekly
908 ## - PUT COMMAND PARAMETER (RLIN)
Put command parameter N
909 ## -
-- 86960
Holdings
Withdrawn status Lost status Damaged status Not for loan Permanent Location Current Location Date acquired Serial Enumeration / chronology Barcode Date last seen Price effective from Koha item type
        Indian Institute of Public Administration Indian Institute of Public Administration 2018-07-19 Volume no: 45, Issue no: 26-27 AR87420 2018-07-19 2018-07-19 Articles

Powered by Koha